000 01205nam a22002657a 4500
005 20141125020002.0
008 041006s2002 ck a r 10110 spa d
020 _a9589487440
041 0 _aspa
044 _ack
082 0 4 _a333.72
_bC65e
111 2 _aCongreso Nacional Ambiental
_d2002
_cBogotá
_99897
245 1 0 _aEscenario para la construcción ambiental colectiva /
_cMemorias Congreso Nacional Ambiental, Biblioteca Virgilio Barco, Bogotá, 10 al 12 de abril de 2002 ; Andrés Pastrana Arango ... [et al.].
260 _aBogotá
_bMinisterio del medio Ambiente, Cormagdalena,
_c1998.
300 _a398 p. :
_bil. ;
_c23 cm.
504 _aIncluye referencias bibliográficas
650 6 _aMedio ambiente
_v Congresos, conferencias, etc..
_99898
650 _aProtección del medio ambiente
_z Colombia
_v Congresos, conferencias, etc..
_99899
650 _aControl ambiental
_v Congresos, conferencias, etc..
_99900
650 _aPolítica ambiental
_z Colombia
_v Congresos, conferencias, etc..
_99901
650 6 _aMemorias Congreso Nacional Ambiental.
_99902
700 1 _aAlvarez, Fernando,
_eed.
_99903
700 1 _aPastrana-Arango, Andrés,
_d1954-
_99904
942 _2ddc
_cImpreso
_05
999 _c8139
_d8139